Catálogo

INVESTIGACION INTEGRAL DE MERCADOS UN ENFOQUE PARA EL SIGLO XXI (Registro nro. 29850)

Detalles MARC
000 -LEADER
fixed length control field 00489nam a2200181 a 4500
001 - CONTROL NUMBER
control field 29850
005 - DATE AND TIME OF LATEST TRANSACTION
control field 20180713232949.0
008 - FIXED-LENGTH DATA ELEMENTS--GENERAL INFORMATION
fixed length control field 140415s2000 mx 000 0 spa d
020 ## - INTERNATIONAL STANDARD BOOK NUMBER
International Standard Book Number 9584101048
041 ## - LANGUAGE CODE
Language code of text/sound track or separate title spa
082 ## - DEWEY DECIMAL CLASSIFICATION NUMBER
Classification number 658.12
Item number NIC
100 1# - MAIN ENTRY--PERSONAL NAME
Personal name NICOLAS JANY, JOSE
245 10 - TITLE STATEMENT
Title INVESTIGACION INTEGRAL DE MERCADOS UN ENFOQUE PARA EL SIGLO XXI
250 ## - EDITION STATEMENT
Edition statement 2A
260 ## - PUBLICATION, DISTRIBUTION, ETC.
Place of publication, distribution, etc. MEXICO :
Name of publisher, distributor, etc. MC GRAW HILL,
Date of publication, distribution, etc. 2000
300 ## - PHYSICAL DESCRIPTION
Extent 414
Dimensions 22 x 3 x 27
650 14 - SUBJECT ADDED ENTRY--TOPICAL TERM
Topical term or geographic name entry element MERCADOS
Existencias
Withdrawn status Lost status Source of classification or shelving scheme Damaged status Not for loan Collection code Home library Current library Shelving location Date acquired Source of acquisition Total Checkouts Full call number Barcode Date last seen Date last checked out Price effective from Koha item type
    Dewey Decimal Classification     General Tehuacán Tehuacán Sala general 03/12/2013 Compra   658.12 NIC 504138 08/01/2025 17/08/2017 03/12/2013 Libro